Представление документа в формате MARC21

Поле Инд. ПП Название Значение
Тип записи a
Библиографический уровень m
001 _ Контрольный номер RU\infra-m\znanium\bibl\1851432
005 _ Дата корректировки 20250915104053.4
008 Кодируемые данные 211111s2021 RU g rus u
020 a ISBN 978-5-9776-0309-6
020 a ISBN 978-5-16-100890-4
020 a ISBN 978-5-16-009618-6
040 a Служба первич. каталог. Общество с ограниченной ответственностью «ЗНАНИУМ»
041 a Код языка текста rus
044 a Код страны публикации RU
080 a Индекс УДК 327
084 2 Источник индекса rubbk
a Индекс другой классификации/Индекс ББК 66.4
084 2 Источник индекса okso
a Индекс другой классификации/Индекс ББК 41.04.04
084 2 Источник индекса okso
a Индекс другой классификации/Индекс ББК 41.04.05
084 2 Источник индекса okso
a Индекс другой классификации/Индекс ББК 41.04.01
100 1_ a Автор Воскресенский Алексей Дмитриевич
q Полное имя Алексей Дмитриевич
245 a Заглавие Мировое комплексное регионоведение
b Продолж. заглавия Учебник
c Ответственность Московский государственный институт международных отношений (университет) Министерства иностранных дел Российской Федерации
250 a Основные сведения об издании 1
260 a Место издания Москва
b Издательство Издательство "Магистр"
c Дата издания 2022
300 a Объем 416 с.
520 a Аннотация Изложены теоретические основы регионализации современных международных отношений, раскрыты методы структурирования регионального пространства, характер преломления глобальных политических и экономических закономерностей в региональных сегментах мира — макрорегионах и глобальных регионах, являющихся основой анализа в мировом комплексном / зарубежном регионоведении. Показаны причины востокоцентричного и западоцентричного видения мирового развития, влияние внутренних структурновременных факторов национального и регионального развития на мировую политику и международные отношения.
521 a Примеч. о целев. назн. ВО - Магистратура
650 a Основная рубрика Политика. Социология
x Основная подрубрика Международные отношения. Внешняя политика
700 1_ a Другие авторы Колдунова Екатерина Валерьевна
q Полное имя Екатерина Валерьевна
852 x Примечание, не предназначенное для пользователя znanium2022
856 4_ a Имя сервера/домена znanium.com
m Помощь ebs_support@infra-m.ru
n Местонахождение сервера НИЦ ИНФРА-М
u URL http://znanium.com/catalog/document?id=390283
z Примечание для пользователя Участвует в КО
856 41 a Имя сервера/домена znanium.com
d Путь /cover/1851
f Электронное имя 1851432.jpg
q Тип электронного формата image/jpeg
u URL https://znanium.com/cover/1851/1851432.jpg